000 01701cam a22004574i 4500
003 PE-LiUPU
005 20250731173000.0
008 150623s r 000 0 d
020 _a1850757658
035 _a(Sirsi) i9781850757658
040 _aPE-LiUPU
_bspa
_cPE-LiUPU
_erda
049 _aPRUA
082 0 4 _a223.98
_bC68
_221
100 1 _aCoggins, Richard J.,
_eautor.
245 1 0 _aSirach /
_cRichard J. Coggins.
264 1 _aSheffield, Great Britain :
_bSheffield Academic Press,
_c1998.
300 _a111 páginas ;
_c21.5 centímetros
336 _atext
_2rdacontent
337 _aunmediated
_2rdamedia
338 _avolume
_2rdacarrier
504 _aIncluye bibliografía.
505 0 _aIntroduction. -Structure and contents. -The languages of the book. -The social and religious background of sirach. -Sirach within judaism. -Use of 'Scripture'. -Setting: the development of the wisdom tradition. -Praise of the ancestors. -Attitude to women. -Theological themes.
526 _aSEG42
526 _aSEG41
526 _aSEG40
526 _aSEG39
526 _aP94
526 _aP87
526 _aP86
526 _aP85
526 _aP77
526 _aP76
526 _aP35
630 _aBiblia.
_pA.T.
_pApócrifos.
_pEclesiástico
_xComentarios.
942 _2ddc
_cBOOK
949 _a223.98 C68
_wDEWEY
_c1
_i45479
_lCCODEBUL1
_mBUL
_r0
_sY
_tBOOK
_u2015-6-24
_xTEOLOGIA
_PP35
_0COMPRA
_o.STAFF. Colección General
994 _aC0
_bPEPRU
596 _a1
999 _a223.98 C68
_wDEWEY
_c22342
_i45479
_f2021-11-9
_g6
_lCCODEBUL1
_mBUL
_r0
_sY
_tBOOK
_u2015-6-24
_xTEOLOGIA
_PP35
_0COMPRA
_o.STAFF. Colección General
_d22342
980 _81
_gALBERTO SANCHEZ Responsable de Automatización